000 00709nam a2200253Ia 4500
003 OSt
005 20220918201302.0
006 a|||||r|||| 00| 0
007 ta
008 220917b |||||||| |||| 00| 0 eng d
024 _a92,886
037 _cTextual
040 _aARTS
_cARTS
_beng
041 _2eng
_aeng
082 _aV2jN31, N6
100 _aChampakalakshmi R ed
_997936
245 0 _aTradition, dissent and ideology
_b essays in honour of Romila Thapar
260 _adelhi
_bOUP `
_c1996
300 _aviii,356p.
_ccm.
650 _aHISTORY
700 _a Gopal S ed
_997937
942 _hV2jN31, N6
_cTEXL
_2CC
999 _c216534
_d216534